中国100km内人口最多的城市(城市点位地图版) - Statistics

General Stats
  • This quiz has been taken 35 times
  • The average score is 144 of 196
Answers on the Map
Answers color-coded by a green-red scale on the quiz's map according to % correct below.
 
Answer Stats
省级行政区 人口 城市 % Correct
直辖市 21893095 北京市
96%
广东省 17338162 深圳市
96%
直辖市 13866009 天津市
92%
河北省 3687607 唐山市
92%
直辖市 24870895 上海市
92%
浙江省 10711238 杭州市
92%
安徽省 5118199 合肥市
92%
广东省 18676605 广州市
92%
直辖市 25379469 重庆市
92%
河北省 735897 承德市
88%
江苏省 9314685 南京市
88%
福建省 4094491 福州市
88%
广东省 2539148 茂名市
88%
西藏自治区 648044 拉萨市
88%
陕西省 11133823 西安市
88%
台湾省 2734275 高雄市
88%
河北省 5758403 石家庄市
83%
河北省 3154062 保定市
83%
辽宁省 5736383 大连市
83%
吉林省 5539649 长春市
83%
黑龙江省 6976136 哈尔滨市
83%
江苏省 3589215 徐州市
83%
浙江省 5057140 宁波市
83%
福建省 5163970 厦门市
83%
江西省 3929660 南昌市
83%
山东省 7172451 青岛市
83%
湖北省 12447718 武汉市
83%
湖南省 5980707 长沙市
83%
广东省 5437602 汕头市
83%
广西壮族自治区 5977185 南宁市
83%
海南省 2873358 海口市
83%
海南省 1031396 三亚市
83%
海南省 2433 三沙市
83%
贵州省 4506134 贵阳市
83%
云南省 5950578 昆明市
83%
西藏自治区 84254 林芝市
83%
甘肃省 3186658 兰州市
83%
青海省 1954795 西宁市
83%
河北省 1881047 秦皇岛市
79%
河北省 3724728 邯郸市
79%
河北省 1487238 张家口市
79%
山西省 4529141 太原市
79%
山西省 2030203 大同市
79%
内蒙古自治区 2545608 呼和浩特市
79%
内蒙古自治区 921808 通辽市
79%
内蒙古自治区 449436 呼伦贝尔市
79%
内蒙古自治区 582206 巴彦淖尔市
79%
辽宁省 7885142 沈阳市
79%
黑龙江省 1406987 齐齐哈尔市
79%
黑龙江省 1754655 大庆市
79%
江苏省 2829864 淮安市
79%
江苏省 2379194 盐城市
79%
浙江省 3004246 温州市
79%
浙江省 2162461 台州市
79%
福建省 658554 三明市
79%
福建省 795448 南平市
79%
江西省 1164268 九江市
79%
江西省 2588060 赣州市
79%
江西省 2068763 上饶市
79%
河南省 6650120 郑州市
79%
广东省 1028460 韶关市
79%
广东省 1292987 阳江市
79%
广西壮族自治区 2519051 柳州市
79%
广西壮族自治区 1725865 桂林市
79%
广西壮族自治区 780871 百色市
79%
广西壮族自治区 921880 河池市
79%
海南省 444458 东方市
79%
四川省 15419445 成都市
79%
四川省 806395 攀枝花市
79%
四川省 1236188 乐山市
79%
贵州省 2360549 遵义市
79%
云南省 911766 昭通市
79%
西藏自治区 158290 日喀则市
79%
西藏自治区 148511 昌都市
79%
陕西省 1862118 宝鸡市
79%
陕西省 804086 延安市
79%
陕西省 1084448 汉中市
79%
陕西省 1251557 榆林市
79%
甘肃省 185231 敦煌市
79%
宁夏回族自治区 1901793 银川市
79%
新疆维吾尔自治区 3980779 乌鲁木齐市
79%
台湾省 4365947 新北市
79%
山西省 713287 朔州市
75%
内蒙古自治区 2283770 包头市
75%
内蒙古自治区 556621 乌海市
75%
内蒙古自治区 1460381 赤峰市
75%
内蒙古自治区 693038 鄂尔多斯市
75%
吉林省 686136 延吉市
75%
黑龙江省 54036 漠河市
75%
安徽省 2128538 阜阳市
75%
山东省 8352574 济南市
75%
山东省 3191299 烟台市
75%
河南省 3443805 洛阳市
75%
河南省 2060026 南阳市
75%
河南省 1515750 信阳市
75%
湖北省 1428629 十堰市
75%
湖北省 1547599 宜昌市
75%
湖北省 2319640 襄阳市
75%
湖北省 836781 恩施市
75%
湖南省 1361085 衡阳市
75%
湖南省 1335692 岳阳市
75%
湖南省 1469055 常德市
75%
湖南省 578452 张家界市
75%
湖南省 1146692 永州市
75%
湖南省 712584 怀化市
75%
广西壮族自治区 1700978 贵港市
75%
广西壮族自治区 1060155 贺州市
75%
广西壮族自治区 435438 崇左市
75%
四川省 1936534 南充市
75%
四川省 1064766 巴中市
75%
云南省 1594721 曲靖市
75%
云南省 623772 文山市
75%
西藏自治区 104490 那曲市
75%
陕西省 894853 安康市
75%
甘肃省 1212791 天水市
75%
甘肃省 885277 武威市
75%
甘肃省 519096 张掖市
75%
甘肃省 455611 酒泉市
75%
青海省 18856 茫崖市
75%
宁夏回族自治区 399796 中卫市
75%
新疆维吾尔自治区 569388 哈密市
75%
新疆维吾尔自治区 779352 库尔勒市
75%
新疆维吾尔自治区 715319 阿克苏市
75%
新疆维吾尔自治区 501028 和田市
75%
山西省 1687952 长治市
71%
山西省 928334 运城市
71%
山西省 959198 临汾市
71%
内蒙古自治区 425059 乌兰察布市
71%
内蒙古自治区 150508 满洲里市
71%
内蒙古自治区 75794 二连浩特市
71%
吉林省 713430 松原市
71%
吉林省 474276 白城市
71%
黑龙江省 683232 鸡西市
71%
黑龙江省 862555 佳木斯市
71%
黑龙江省 930015 牡丹江市
71%
山东省 3648324 临沂市
71%
山东省 1491878 德州市
71%
山东省 2006546 聊城市
71%
山东省 2230000 菏泽市
71%
河南省 1720663 周口市
71%
四川省 2232865 绵阳市
71%
四川省 1850869 达州市
71%
四川省 58390 马尔康市
71%
四川省 955041 西昌市
71%
贵州省 1420656 六盘水市
71%
云南省 903081 保山市
71%
云南省 288787 丽江市
71%
云南省 370947 临沧市
71%
云南省 771128 大理市
71%
云南省 186412 香格里拉市
71%
甘肃省 513856 庆阳市
71%
甘肃省 546616 陇南市
71%
青海省 221863 格尔木市
71%
青海省 88227 德令哈市
71%
新疆维吾尔自治区 490348 克拉玛依市
71%
新疆维吾尔自治区 317443 吐鲁番市
71%
新疆维吾尔自治区 782662 喀什市
71%
新疆维吾尔自治区 158098 塔城市
71%
新疆维吾尔自治区 221454 阿勒泰市
71%
台湾省 3033840 台中市
71%
内蒙古自治区 349953 锡林浩特市
67%
辽宁省 815858 丹东市
67%
辽宁省 767888 阜新市
67%
黑龙江省 360347 伊春市
67%
黑龙江省 223832 黑河市
67%
黑龙江省 698025 绥化市
67%
四川省 882686 广元市
67%
四川省 2158312 宜宾市
67%
青海省 141308 玉树市
67%
内蒙古自治区 71437 根河市
63%
内蒙古自治区 32301 阿尔山市
63%
黑龙江省 97329 抚远市
63%
四川省 126785 康定市
63%
贵州省 709057 凯里市
63%
云南省 631530 楚雄市
63%
云南省 642737 景洪市
63%
内蒙古自治区 68482 额尔古纳市
58%
江西省 613894 瑞金市
58%
甘肃省 137736 玉门市
58%
新疆维吾尔自治区 530328 库车市
58%
新疆维吾尔自治区 778047 伊宁市
54%
内蒙古自治区 318933 扎兰屯市
50%
吉林省 509336 梅河口市
46%
黑龙江省 436906 讷河市
46%
西藏自治区 13932 错那市
46%
新疆维吾尔自治区 328241 阿拉尔市
46%
内蒙古自治区 138676 霍林郭勒市
42%
黑龙江省 195489 东宁市
42%
四川省 406685 万源市
42%
新疆维吾尔自治区 246706 博乐市
42%
新疆维吾尔自治区 263245 图木舒克市
42%
吉林省 836098 榆树市
38%
吉林省 392486 敦化市
38%
湖南省 640181 武冈市
38%
黑龙江省 414090 富锦市
33%
山西省 477289 孝义市
29%
No matching quizzes found
Score Distribution
Percent of People with Each Score
Percentile by Number Answered
Your Score History
You have not taken this quiz